[Event "Deutsche Ländermeisterschaft 2013"]
[Site "Hannover GER"]
[Date "2013.10.04"]
[Round "5"]
[White "Phunhon Lopez, Daniel A."]
[Black "Roseneck, Jonas"]
[Result "1/2-1/2"]
[Termination "normal"]
[Board "6.6"]
[WhiteTitle "12"]
[BlackTitle "12"]
[WhiteElo "1764"]
[BlackElo "1740"]
[WhiteTeam "Niedersachsen 2"]
[BlackTeam "Sachsen-Anhalt"]
[WhiteFideId "12952567"]
[BlackFideId "12939870"]
[EventCountry "GER"]
[EventRounds "7"]
[EventType "team-swiss"]
[EventDate "2013.10.02"]

1. e4 c5 2. Nc3 d6 3. f4 Nc6 4. Bb5 Bd7 5. Nf3 g6 6. O-O Bg7 7. d3 e6 8. Bd2
Nge7 9. Kh1 O-O 10. Qe1 Rc8 11. Bxc6 Nxc6 12. Rc1 Nd4 13. Ne2 Nxe2 14. Qxe2 d5
15. e5 a5 16. c3 b5 17. d4 Qe7 18. Be3 c4 19. Bf2 Bc6 20. Bh4 Qb7 21. Bf6 b4
22. Bxg7 Kxg7 23. h3 a4 24. cxb4 1/2-1/2

[Event "Deutsche Ländermeisterschaft 2013"]
[Site "Hannover GER"]
[Date "2013.10.04"]
[Round "5"]
[White "Noe, Christopher"]
[Black "Kugler, Florian"]
[Result "1/2-1/2"]
[Termination "normal"]
[Board "7.1"]
[WhiteTitle "18"]
[BlackTitle "20"]
[WhiteElo "2255"]
[BlackElo "2236"]
[WhiteTeam "Baden"]
[BlackTeam "Hamburg"]
[WhiteFideId "24692018"]
[BlackFideId "4633300"]
[EventCountry "GER"]
[EventRounds "7"]
[EventType "team-swiss"]
[EventDate "2013.10.02"]

1. Nf3 Nf6 2. c4 g6 3. Nc3 Bg7 4. d4 d5 5. Qb3 dxc4 6. Qxc4 O-O 7. e4 a6 8. Qb3
c5 9. dxc5 Qa5 10. Qb6 Qxb6 11. cxb6 Nbd7 12. a3 Nxb6 13. Be3 Nbd7 14. a4 Ne8
15. Bd3 Ne5 16. Nxe5 Bxe5 17. f4 Bxc3+ 18. bxc3 Bd7 19. Bc5 Nd6 20. Kd2 Rac8
21. Bxd6 1/2-1/2

[Event "Deutsche Ländermeisterschaft 2013"]
[Site "Hannover GER"]
[Date "2013.10.04"]
[Round "5"]
[White "Kramer, Julian"]
[Black "Becker, Matthias"]
[Result "0-1"]
[Termination "normal"]
[Board "7.2"]
[WhiteTitle "16"]
[BlackTitle "18"]
[WhiteElo "2137"]
[BlackElo "2152"]
[WhiteTeam "Hamburg"]
[BlackTeam "Baden"]
[WhiteFideId "12921742"]
[BlackFideId "12915564"]
[EventCountry "GER"]
[EventRounds "7"]
[EventType "team-swiss"]
[EventDate "2013.10.02"]

1. e4 e5 2. Nf3 Nc6 3. Bb5 a6 4. Ba4 Nf6 5. O-O Be7 6. Re1 b5 7. Bb3 d6 8. c3
O-O 9. h3 Na5 10. Bc2 c5 11. d4 Qc7 12. Nbd2 cxd4 13. cxd4 Nc6 14. d5 Nb4 15.
Bb1 a5 16. a3 Na6 17. b4 axb4 18. axb4 Bb7 19. Qb3 Rfc8 20. Bb2 Qd7 21. Bd3 Nc7
22. Ra5 Bd8 23. Rea1 Nh5 24. Ra7 Rxa7 25. Rxa7 Ne8 26. Kh2 Bb6 27. Bxb5 Qxb5
28. Rxb7 Qa6 29. Re7 Bxf2 30. Nc4 Bg3+ 31. Kh1 Qb5 32. Nfd2 Kf8 33. Ra7 Bf4 34.
Ra5 Qb7 35. g4 Bxd2 36. gxh5 Qxb4 37. Qxb4 Bxb4 38. Ra4 Rxc4 39. Ba3 Bxa3 40.
Rxc4 h6 0-1

[Event "Deutsche Ländermeisterschaft 2013"]
[Site "Hannover GER"]
[Date "2013.10.04"]
[Round "5"]
[White "Ruff, Maximilian"]
[Black "Hinrichs, Lars"]
[Result "1-0"]
[Termination "normal"]
[Board "7.3"]
[WhiteTitle "16"]
[BlackTitle "16"]
[WhiteElo "2094"]
[BlackElo "2037"]
[WhiteTeam "Baden"]
[BlackTeam "Hamburg"]
[WhiteFideId "1271670"]
[BlackFideId "12921769"]
[EventCountry "GER"]
[EventRounds "7"]
[EventType "team-swiss"]
[EventDate "2013.10.02"]

1. e4 e6 2. d4 d5 3. exd5 exd5 4. Nf3 Bd6 5. c4 Nf6 6. Nc3 O-O 7. cxd5 Nbd7 8.
Be2 h6 9. O-O Nb6 10. Re1 Nbxd5 11. Bc4 c6 12. Ne5 Be6 13. Qf3 Qb6 14. Ne4 Bxe5
15. dxe5 Ng4 16. Qg3 Qd4 17. Bxd5 cxd5 18. Nc3 f6 19. h3 Nxe5 20. Bxh6 Rf7 21.
Bf4 Raf8 22. Rad1 Qb6 23. Be3 Qxb2 24. Bd4 Qb4 25. Qe3 b6 26. Bxe5 fxe5 27.
Qxe5 Rf6 28. Nxd5 Bxd5 29. Qxd5+ R6f7 30. Re4 Qc5 31. Qxc5 bxc5 32. f3 Rc7 33.
Rc4 Rf5 34. f4 g5 35. fxg5 Rxg5 36. g4 Re5 37. Rd2 Kg7 38. Kg2 Kg6 39. h4 Kf6
40. Kg3 Re3+ 41. Kf4 Re1 42. Rd6+ Kg7 43. Rd5 Ra1 44. a4 Kf6 45. Rd6+ Kg7 46.
Kg5 Ra2 47. Rd5 Ra1 48. Rf5 Ra2 49. Kh5 Ra1 50. g5 Ra2 51. g6 a5 52. Rcxc5 Rxc5
53. Rxc5 Rxa4 54. Kg5 Ra1 55. Rc7+ Kf8 56. Kh6 Rg1 57. Kh7 1-0

[Event "Deutsche Ländermeisterschaft 2013"]
[Site "Hannover GER"]
[Date "2013.10.04"]
[Round "5"]
[White "Rogozenco, Teodora"]
[Black "Riehle, Marco"]
[Result "0-1"]
[Termination "normal"]
[Board "7.4"]
[WhiteTitle "14w"]
[BlackTitle "14"]
[WhiteElo "1884"]
[BlackElo "1847"]
[WhiteTeam "Hamburg"]
[BlackTeam "Baden"]
[WhiteFideId "12938084"]
[BlackFideId "12904392"]
[EventCountry "GER"]
[EventRounds "7"]
[EventType "team-swiss"]
[EventDate "2013.10.02"]

1. d4 d5 2. c4 e6 3. Nc3 c5 4. cxd5 cxd4 5. Qxd4 Nc6 6. Qd1 exd5 7. Qxd5 Bd7 8.
Bg5 Be7 9. Bxe7 Qxe7 10. Nf3 Nf6 11. Qb3 O-O-O 12. e3 g5 13. O-O-O Ng4 14. Qc2
Kb8 15. Bd3 Nb4 16. Qe2 Be6 17. Bb1 Rc8 18. a3 Bc4 19. Qe1 Na2+ 20. Bxa2 Bxa2
21. Rd4 Nf6 22. Qe2 Ne4 23. Rxe4 Qxe4 24. Kd2 Qe6 25. Nd4 Rhd8 26. Qd3 Qb6 27.
Qc2 Bc4 28. Rb1 Rxd4+ 29. exd4 Qxd4+ 30. Kc1 Rd8 31. Ra1 Qf4+ 0-1

[Event "Deutsche Ländermeisterschaft 2013"]
[Site "Hannover GER"]
[Date "2013.10.04"]
[Round "5"]
[White "Steimbach, Isabel"]
[Black "Krüger, David"]
[Result "0-1"]
[Termination "normal"]
[Board "7.5"]
[WhiteTitle "18w"]
[BlackTitle "14"]
[WhiteElo "1778"]
[BlackElo "1796"]
[WhiteTeam "Baden"]
[BlackTeam "Hamburg"]
[WhiteFideId "24692174"]
[BlackFideId "12921858"]
[EventCountry "GER"]
[EventRounds "7"]
[EventType "team-swiss"]
[EventDate "2013.10.02"]

1. e4 e5 2. Nf3 Nc6 3. Bb5 a6 4. Bxc6 dxc6 5. O-O Bg4 6. h3 Bh5 7. g4 Bg6 8.
Nxe5 Qh4 9. Qf3 f6 10. Nxg6 hxg6 11. Kg2 g5 12. Rh1 Bd6 13. d3 Ne7 14. Nd2 Ng6
15. Nc4 Qh7 16. Nxd6+ cxd6 17. Kf1 O-O-O 18. Qe3 Ne5 19. f3 d5 20. exd5 Rxd5
21. b3 Ng6 22. Qf2 Re8 23. Bd2 Rde5 24. d4 R5e6 25. c4 Nf4 26. Bxf4 Qd3+ 27.
Kg1 Re2 28. Qg3 Qxd4+ 0-1

[Event "Deutsche Ländermeisterschaft 2013"]
[Site "Hannover GER"]
[Date "2013.10.04"]
[Round "5"]
[White "Brandt, Carina"]
[Black "Weis, Olga"]
[Result "0-1"]
[Termination "normal"]
[Board "7.6"]
[WhiteTitle "20w"]
[BlackTitle "14w"]
[WhiteElo "1886"]
[BlackElo "1730"]
[WhiteTeam "Hamburg"]
[BlackTeam "Baden"]
[WhiteFideId "12917940"]
[BlackFideId "1270234"]
[EventCountry "GER"]
[EventRounds "7"]
[EventType "team-swiss"]
[EventDate "2013.10.02"]

1. e4 e5 2. Nf3 Nc6 3. Bc4 Bc5 4. b4 Bb6 5. a4 a6 6. Bb2 d6 7. a5 Ba7 8. O-O
Nf6 9. d4 exd4 10. Nxd4 Bxd4 11. Bxd4 Nxb4 12. e5 dxe5 13. Re1 O-O 14. Bc5 Qxd1
15. Rxd1 Nxc2 16. Ra2 Bg4 17. f3 Rfd8 18. Rxd8+ Rxd8 19. Nc3 Nb4 20. Rb2 Nd3
21. Rd2 Bf5 22. g4 Bg6 23. g5 Nh5 24. Ne4 Bxe4 25. fxe4 Nhf4 26. Be3 Rd6 27. h4
g6 0-1

[Event "Deutsche Ländermeisterschaft 2013"]
[Site "Hannover GER"]
[Date "2013.10.04"]
[Round "5"]
[White "Wiesner, Alexander"]
[Black "Meyling, Lennart"]
[Result "1-0"]
[Termination "normal"]
[Board "7.7"]
[WhiteTitle "12"]
[BlackTitle "12"]
[WhiteElo "1649"]
[BlackElo "1731"]
[WhiteTeam "Baden"]
[BlackTeam "Hamburg"]
[WhiteFideId "12943991"]
[BlackFideId "12947130"]
[EventCountry "GER"]
[EventRounds "7"]
[EventType "team-swiss"]
[EventDate "2013.10.02"]

1. b3 e5 2. Bb2 Nc6 3. e3 Nf6 4. Bb5 d6 5. Ne2 Bd7 6. O-O a6 7. Bxc6 Bxc6 8. f4
Be7 9. d3 O-O 10. e4 exf4 11. Nxf4 d5 12. e5 Ne8 13. Nd2 Bg5 14. Qh5 Qe7 15.
Kh1 h6 16. Rae1 Bxf4 17. Rxf4 Bd7 18. Ref1 Be6 19. R4f3 Qc5 20. c4 Qb4 21. Bc1
dxc4 22. bxc4 Qe7 23. Ne4 g6 24. Qxh6 Bf5 25. Rxf5 1-0

[Event "Deutsche Ländermeisterschaft 2013"]
[Site "Hannover GER"]
[Date "2013.10.04"]
[Round "5"]
[White "Münch, Michelle"]
[Black "Lohrmann, Tabea"]
[Result "0-1"]
[Termination "normal"]
[Board "7.8"]
[WhiteTitle "12w"]
[BlackTitle "12w"]
[WhiteElo "915"]
[BlackElo "1547"]
[WhiteTeam "Hamburg"]
[BlackTeam "Baden"]
[BlackFideId "12911941"]
[EventCountry "GER"]
[EventRounds "7"]
[EventType "team-swiss"]
[EventDate "2013.10.02"]

1. e4 e5 2. Nf3 Nc6 3. Bc4 Bc5 4. d3 Nf6 5. Be3 Bxe3 6. fxe3 d5 7. exd5 Nxd5 8.
O-O O-O 9. Qd2 Qd6 10. Nc3 Nxc3 11. Qxc3 Qh6 12. d4 exd4 13. exd4 Ne7 14. Qb3
Nf5 15. Qa4 c6 16. Rfe1 b5 17. Bxb5 cxb5 18. Qxb5 Ne3 19. Re2 Be6 20. d5 Bxd5
21. Rae1 Bc4 22. Qd7 Bxe2 23. Rxe2 Rfe8 24. Rd2 Qa6 25. h3 h6 26. Rd3 Qxa2 27.
Rxe3 Rxe3 28. Nh4 Qxb2 29. Nf5 Re1+ 30. Kh2 Qe5+ 31. Ng3 Re3 32. Qg4 Qxg3+ 33.
Qxg3 Rxg3 34. Kxg3 Rc8 35. Kh2 Rxc2 36. h4 a5 37. h5 a4 38. Kh3 a3 39. Kh2 a2
40. Kh3 a1=Q 41. Kh2 Rc3 42. g4 Qb2+ 43. Kh1 Rc1# 0-1

[Event "Deutsche Ländermeisterschaft 2013"]
[Site "Hannover GER"]
[Date "2013.10.04"]
[Round "5"]
[White "Kololli, Martin"]
[Black "Frischmann, Rick"]
[Result "1/2-1/2"]
[Termination "normal"]
[Board "8.1"]
[WhiteTitle "14"]
[BlackTitle "20"]
[WhiteElo "1988"]
[BlackElo "2230"]
[WhiteTeam "Team Nord"]
[BlackTeam "Saarland"]
[WhiteFideId "12936910"]
[BlackFideId "24660752"]
[EventCountry "GER"]
[EventRounds "7"]
[EventType "team-swiss"]
[EventDate "2013.10.02"]

1. e4 c5 2. c3 Nf6 3. e5 Nd5 4. d4 cxd4 5. Nf3 Nc6 6. cxd4 d6 7. Bc4 Nb6 8. Bb5
dxe5 9. Nxe5 Bd7 10. Nc3 Nxe5 11. dxe5 Bxb5 12. Nxb5 Qxd1+ 13. Kxd1 Nd5 14. e6
a6 15. Nd4 g6 16. Ke2 Bg7 17. Rd1 Rd8 18. Bg5 h6 19. Be3 Nxe3 20. exf7+ Kxf7
21. Kxe3 Rd6 22. Rd3 Rc8 23. Rad1 b5 24. b3 h5 $11 25. g3 Bh6+ 26. Ke2 Rc5 27.
f4 Kf6 28. Nf3 Rxd3 29. Rxd3 g5 30. fxg5+ Bxg5 31. Nxg5 Kxg5 32. h3 e5 33. Rd2
Kf5 34. Ke3 Rc3+ 35. Rd3 Rc1 36. Rd6 Re1+ 37. Kf2 Rc1 38. Ke3 Rh1 39. g4+ hxg4
40. hxg4+ Kxg4 41. Rxa6 Kf5 42. Rb6 Rh3+ 43. Kf2 Kf4 44. Rxb5 Rh2+ 45. Ke1 Rxa2
46. Rc5 Rh2 47. Rc3 e4 48. b4 Rb2 49. Ra3 Rxb4 50. Rc3 Rb2 51. Ra3 e3 52. Ra8
Kf3 53. Rf8+ Ke4 1/2-1/2

[Event "Deutsche Ländermeisterschaft 2013"]
[Site "Hannover GER"]
[Date "2013.10.04"]
[Round "5"]
[White "Grewenig, Jan"]
[Black "Celmer, Ole"]
[Result "1/2-1/2"]
[Termination "normal"]
[Board "8.2"]
[WhiteTitle "18"]
[BlackTitle "20"]
[WhiteElo "2025"]
[BlackElo "1908"]
[WhiteTeam "Saarland"]
[BlackTeam "Team Nord"]
[WhiteFideId "4657330"]
[BlackFideId "24657107"]
[EventCountry "GER"]
[EventRounds "7"]
[EventType "team-swiss"]
[EventDate "2013.10.02"]

1. e4 e5 2. Nf3 Nc6 3. d4 exd4 4. Nxd4 Nf6 5. Nxc6 bxc6 6. e5 Qe7 7. Qe2 Nd5 8.
c4 Ba6 9. b3 g6 10. Bb2 Bg7 11. Nd2 O-O 12. O-O-O Rab8 13. Nf3 Qb4 14. Qd2
Qxd2+ 15. Nxd2 Nb6 16. Ne4 Bc8 17. Bd3 a5 18. Rhe1 a4 19. f4 axb3 20. axb3 d5
21. exd6 Bxb2+ 22. Kxb2 cxd6 23. Nxd6 Bg4 24. Be2 Bxe2 25. Rxe2 Na4+ 26. Kc2
Nc5 27. Ne4 Nxe4 28. Rxe4 Ra8 29. Kc3 Rfb8 30. Re7 Ra3 31. Rb1 c5 32. Re5 Rc8
33. Kb2 Ra7 34. Rbe1 Kf8 35. g4 Rb7 36. h4 Rd7 37. Kc3 Kg7 38. Rd5 Rb7 39. g5
h6 40. Rb1 hxg5 41. hxg5 Re7 42. Rbd1 Re4 43. Rf1 Re3+ 44. Rd3 Re4 45. Rff3 Re1
46. Rde3 Rc1+ 47. Kb2 Rd1 48. Re5 Rd2+ 49. Kc3 Rd1 50. Rd3 Rf1 51. Rdd5 Rf3+
52. Kc2 Rb8 53. Rd3 Rf2+ 54. Kc3 Rc8 55. Re4 Rb8 56. Re5 Rc8 57. Re4 1/2-1/2

[Event "Deutsche Ländermeisterschaft 2013"]
[Site "Hannover GER"]
[Date "2013.10.04"]
[Round "5"]
[White "Beeck, Mats"]
[Black "Müller, Max"]
[Result "0-1"]
[Termination "normal"]
[Board "8.3"]
[WhiteTitle "16"]
[BlackTitle "16"]
[WhiteElo "1832"]
[BlackElo "1747"]
[WhiteTeam "Team Nord"]
[BlackTeam "Saarland"]
[WhiteFideId "12936944"]
[BlackFideId "12900486"]
[EventCountry "GER"]
[EventRounds "7"]
[EventType "team-swiss"]
[EventDate "2013.10.02"]

1. e4 c5 2. Nf3 d6 3. d4 cxd4 4. Nxd4 Nf6 5. Nc3 a6 6. Be3 e5 7. Nb3 Be7 8. f3
Be6 9. Qd2 O-O 10. O-O-O a5 11. Qe1 Qc8 12. a4 Nc6 13. g4 Nb4 14. g5 Nh5 15.
Qf2 f5 16. Kb1 fxe4 17. Nxe4 Rxf3 18. Qxf3 Qxc2+ 19. Ka1 Qxb3 20. Nc3 Rc8 21.
Rd2 Rxc3 22. bxc3 Qa3+ 23. Kb1 Ba2+ 0-1

[Event "Deutsche Ländermeisterschaft 2013"]
[Site "Hannover GER"]
[Date "2013.10.04"]
[Round "5"]
[White "Sonnhalter, Stella"]
[Black "Mieck, Jale"]
[Result "1-0"]
[Termination "normal"]
[Board "8.4"]
[WhiteTitle "20w"]
[BlackTitle "18"]
[WhiteElo "1806"]
[BlackElo "1678"]
[WhiteTeam "Saarland"]
[BlackTeam "Team Nord"]
[WhiteFideId "4624815"]
[BlackFideId "12936871"]
[EventCountry "GER"]
[EventRounds "7"]
[EventType "team-swiss"]
[EventDate "2013.10.02"]

1. e4 c5 2. Nf3 d6 3. d4 cxd4 4. Nxd4 Nf6 5. Nc3 a6 6. f3 e5 7. Nb3 Be6 8. Be3
Be7 9. Qd2 Nbd7 10. g4 O-O 11. O-O-O b5 12. h4 b4 13. Na4 d5 14. g5 d4 15. Bxd4
exd4 16. gxf6 Bxf6 17. Nxd4 Qa5 18. b3 Nc5 19. Nc6 Qc7 20. Nxc5 Qxc6 21. Nxe6
Qxe6 22. Qd6 Qc8 23. Bc4 Bc3 $11 24. Qd7 Qb8 25. Qg4 a5 26. f4 a4 27. Rd7 axb3
28. Bxb3 Rxa2 29. Bxa2 Qa8 30. Bb1 Qxe4 31. Rh3 f5 32. Qg3 Qe6 33. Qd3 Qe1+ 34.
Qd1 Qe4 35. Qd5+ 1-0

[Event "Deutsche Ländermeisterschaft 2013"]
[Site "Hannover GER"]
[Date "2013.10.04"]
[Round "5"]
[White "Edel, Fenja"]
[Black "Müller, Sophie"]
[Result "0-1"]
[Termination "normal"]
[Board "8.5"]
[WhiteTitle "16w"]
[BlackTitle "14w"]
[WhiteElo "1636"]
[BlackElo "1444"]
[WhiteTeam "Team Nord"]
[BlackTeam "Saarland"]
[WhiteFideId "24696749"]
[BlackFideId "12926698"]
[EventCountry "GER"]
[EventRounds "7"]
[EventType "team-swiss"]
[EventDate "2013.10.02"]

1. e4 c5 2. b3 Nc6 3. Bb2 d6 4. Bb5 a6 5. Bxc6+ bxc6 6. f4 d5 7. e5 e6 8. Nf3
Ne7 9. O-O Ng6 10. Ne1 Qb6 11. Kh1 c4 12. d4 cxb3 13. cxb3 c5 14. Nc3 cxd4 15.
Na4 Qb5 16. Nd3 Bd7 17. Bxd4 Be7 18. Nb6 Rb8 19. Nxd7 Qxd7 20. Nc5 Bxc5 $11 21.
Bxc5 Rc8 22. Bd6 Ne7 23. Rc1 Nf5 24. Bc5 Ne7 25. Qd3 Qb5 26. Qxb5+ axb5 27. Bd6
Kd7 28. g3 Nf5 29. Bb4 Rxc1 30. Rxc1 Rc8 31. Rxc8 Kxc8 32. Bc5 Kd7 33. Kg2 Ne7
34. Bxe7 Kxe7 35. a4 bxa4 36. bxa4 Kd7 37. Kf3 Kc6 38. Ke3 Kc5 39. h4 Kb4 40.
h5 Kxa4 41. Kd4 Kb5 42. g4 g6 43. hxg6 hxg6 44. f5 gxf5 45. gxf5 Kb4 46. Kd3
exf5 0-1

[Event "Deutsche Ländermeisterschaft 2013"]
[Site "Hannover GER"]
[Date "2013.10.04"]
[Round "5"]
[White "Sauer, Annika"]
[Black "Recktenwald, Cedric"]
[Result "0-1"]
[Termination "normal"]
[Board "8.7"]
[WhiteTitle "14w"]
[BlackTitle "12"]
[WhiteElo "1526"]
[BlackElo "1258"]
[WhiteTeam "Team Nord"]
[BlackTeam "Saarland"]
[WhiteFideId "12952052"]
[BlackFideId "12971928"]
[EventCountry "GER"]
[EventRounds "7"]
[EventType "team-swiss"]
[EventDate "2013.10.02"]

1. d4 Nf6 2. c4 e6 3. Nc3 Bb4 4. e3 b6 5. Nf3 Bb7 6. Bd3 O-O 7. O-O Bxc3 8.
bxc3 d6 9. Re1 Ne4 10. Bb2 f5 11. Qc2 Nd7 12. Nd2 Nxd2 13. Qxd2 Qg5 14. g3 Nf6
15. Bf1 Qg4 16. Qe2 Qe4 17. d5 exd5 18. Bg2 Qe6 19. Rac1 Ne4 20. cxd5 Qxd5 21.
c4 Qc6 22. Qf3 Qe8 23. h4 Nc5 24. Qd1 Bxg2 25. Kxg2 Qe4+ 26. f3 Qd3 27. Rc3
Qxd1 28. Rxd1 Na4 29. Rc2 Nxb2 30. Rxb2 Rae8 31. Kf2 Re5 32. Rd5 Rd8 33. Rbb5
$11 Rde8 34. Rxe5 dxe5 35. Rd5 Kf7 36. Rd7+ Re7 37. Rd5 Ke6 38. f4 exf4 39.
gxf4 c6 40. Re5+ Kf6 41. Rxe7 Kxe7 42. Kf3 g6 43. e4 fxe4+ 44. Kxe4 Ke6 45. a3
c5 46. a4 h5 47. Ke3 Kf5 48. Kf3 a6 49. Ke3 Kg4 50. Ke4 Kxh4 51. Kd5 Kg4 52. a5
bxa5 53. Kxc5 h4 54. Kb6 h3 55. Kxa5 h2 56. Kxa6 h1=Q 57. Kb5 Qb7+ 58. Kc5 Qc7+
59. Kd4 Kxf4 60. c5 Qxc5+ 61. Kxc5 g5 62. Kd4 Kf3 63. Ke5 g4 64. Kd4 g3 65. Kd5
g2 66. Kd4 g1=Q+ 67. Ke5 Qc5+ 68. Ke6 Kf4 69. Kf6 Qc6+ 70. Ke7 Kf5 71. Kd8 Qb7
72. Ke8 Ke6 73. Kf8 Qf7# 0-1

[Event "Deutsche Ländermeisterschaft 2013"]
[Site "Hannover GER"]
[Date "2013.10.04"]
[Round "5"]
[White "Weiten, Teresa"]
[Black "Brunner, Sophia"]
[Result "0-1"]
[Termination "normal"]
[Board "8.8"]
[WhiteTitle "12w"]
[BlackTitle "12w"]
[WhiteElo "976"]
[BlackElo "1325"]
[WhiteTeam "Saarland"]
[BlackTeam "Team Nord"]
[WhiteFideId "12971944"]
[BlackFideId "12960683"]
[EventCountry "GER"]
[EventRounds "7"]
[EventType "team-swiss"]
[EventDate "2013.10.02"]

1. e4 c6 2. d4 d5 3. exd5 cxd5 4. Bd3 Nc6 5. Nf3 Bg4 6. Be2 Nf6 7. Nc3 e6 8.
Bg5 Bxf3 9. Bxf3 Be7 10. O-O Qb6 11. Be3 Qxb2 12. Qd2 Qb6 13. Rfb1 Qc7 14. Nb5
Qd7 15. Bf4 Rc8 16. a4 a6 17. Na3 O-O 18. c3 Na5 19. Be2 Ne4 20. Qe3 Nxc3 21.
Re1 Nxe2+ 22. Qxe2 Nb3 23. Ra2 Nxd4 24. Qg4 f6 25. Rf1 Qxa4 26. Bc1 Qc6 27. Bb2
Nf5 28. Nb1 Qb6 29. Bc3 Qc6 30. Bd2 Qc4 31. Qxc4 Rxc4 32. g3 Bb4 33. Bf4 $11 e5
34. Bc1 Rfc8 35. Bb2 Rc2 36. Rd1 d4 37. Rd3 b5 38. Rb3 Bd2 39. Rxa6 b4 40. Nxd2
Rxd2 41. Rxb4 h6 42. f4 Rcc2 43. Ba3 Rd1# 0-1

[Event "Deutsche Ländermeisterschaft 2013"]
[Site "Hannover GER"]
[Date "2013.10.04"]
[Round "5"]
[White "Schreiber, Kevin"]
[Black "Hahn, Markus"]
[Result "1-0"]
[Termination "normal"]
[Board "9.1"]
[WhiteTitle "18"]
[BlackTitle "20"]
[WhiteElo "1914"]
[BlackElo "2239"]
[WhiteTeam "Mecklenburg-Vorpommern"]
[BlackTeam "Hessen"]
[WhiteFideId "24655830"]
[BlackFideId "24654647"]
[EventCountry "GER"]
[EventRounds "7"]
[EventType "team-swiss"]
[EventDate "2013.10.02"]

1. d4 c5 2. e3 Nf6 3. Nf3 e6 4. Bd3 b6 5. O-O Be7 6. b3 O-O 7. c4 cxd4 8. exd4
d5 9. Qe2 Ba6 10. Bb2 Nc6 11. Nbd2 Rc8 12. Rac1 Bd6 13. Ne5 dxc4 14. Ndxc4 Be7
15. Rfd1 Nb4 16. Bb1 Bb7 17. f4 Nbd5 18. Rf1 b5 19. Ne3 Rxc1 20. Rxc1 Nxe3 21.
Qxe3 g6 22. Nc6 Bxc6 23. Rxc6 Nd5 24. Qc1 Bf6 25. Qd2 Qd7 26. Rc1 Rd8 27. g3 h5
28. Be4 Ne7 29. Rd1 Qd6 30. Qe2 Qb6 31. Qf2 $11 a6 32. Kg2 Nc6 33. Qe2 Nb4 34.
Qd2 Nd5 35. Qe2 Kg7 36. Rd2 Ne7 37. Qf2 Rd6 38. Ba3 Bxd4 39. Rxd4 Qxd4 40. Bb2
1-0

[Event "Deutsche Ländermeisterschaft 2013"]
[Site "Hannover GER"]
[Date "2013.10.04"]
[Round "5"]
[White "Baskin, Robert"]
[Black "Ispirjan, Mikael"]
[Result "1-0"]
[Termination "normal"]
[Board "9.2"]
[WhiteTitle "14"]
[BlackTitle "18"]
[WhiteElo "2138"]
[BlackElo "1964"]
[WhiteTeam "Hessen"]
[BlackTeam "Mecklenburg-Vorpommern"]
[WhiteFideId "24662402"]
[BlackFideId "1271217"]
[EventCountry "GER"]
[EventRounds "7"]
[EventType "team-swiss"]
[EventDate "2013.10.02"]

1. e4 c6 2. d4 d5 3. Nc3 b5 4. a3 a6 5. Bd3 dxe4 6. Bxe4 Nf6 7. Bf3 e6 8. Nge2
Be7 9. O-O O-O 10. Ng3 Bb7 11. Bf4 Nbd7 12. Nce4 Nd5 13. Bd6 Bxd6 14. Nxd6 Qc7
15. Nxb7 Qxb7 16. b3 N7b6 17. Qd3 Rad8 18. c4 Nf6 19. Qc3 Rc8 20. a4 Qc7 21.
Rfc1 bxc4 22. bxc4 c5 23. dxc5 Qxc5 24. Bb7 Rc7 25. Bxa6 h5 26. a5 Nbd7 27. h3
Rd8 28. Qa3 Qa7 29. Bb5 Ne5 30. Rd1 Rdc8 31. Rac1 g6 32. Qb4 h4 33. Ne2 Ne4 34.
Nd4 Nd7 35. Bxd7 Rxd7 36. Qb6 Qa8 37. Nxe6 Rxd1+ 38. Rxd1 fxe6 39. Qxe6+ Kh7
40. Qe7+ Kh6 41. Qxh4+ Kg7 42. Rd7+ 1-0

[Event "Deutsche Ländermeisterschaft 2013"]
[Site "Hannover GER"]
[Date "2013.10.04"]
[Round "5"]
[White "Siegert, Gregor"]
[Black "Galkin, Wladislaw"]
[Result "0-1"]
[Termination "normal"]
[Board "9.3"]
[WhiteTitle "16"]
[BlackTitle "18"]
[WhiteElo "1826"]
[BlackElo "2088"]
[WhiteTeam "Mecklenburg-Vorpommern"]
[BlackTeam "Hessen"]
[WhiteFideId "1271250"]
[BlackFideId "4603192"]
[EventCountry "GER"]
[EventRounds "7"]
[EventType "team-swiss"]
[EventDate "2013.10.02"]

1. Nf3 d5 2. g3 Nf6 3. Bg2 Bf5 4. d3 h6 5. O-O e6 6. Nbd2 Be7 7. c4 O-O 8. Qb3
b6 9. Ne5 c6 10. Ndf3 Qc7 11. cxd5 exd5 12. Bd2 Nbd7 13. Nxc6 Nc5 14. Nxe7+
Qxe7 15. Qd1 Rfe8 16. Re1 Rac8 17. Rc1 Qd7 18. b4 Ne6 19. Rxc8 Rxc8 20. Qb3 Qd6
21. Qb2 Bg4 22. a3 d4 23. Rc1 Re8 24. b5 Nc5 25. Bb4 Bxf3 26. Bxf3 Nfd7 27. Bc6
Rd8 28. Qc2 Qe6 29. Bxd7 Nxd7 30. Qc7 Re8 31. Rc2 Nf6 32. Qf4 Qd5 33. a4 Qb3
34. Rc4 Qxa4 35. Qf5 Rxe2 36. Rxd4 Qa1+ 0-1

[Event "Deutsche Ländermeisterschaft 2013"]
[Site "Hannover GER"]
[Date "2013.10.04"]
[Round "5"]
[White "Keller, Peter"]
[Black "Schmekel, Florian"]
[Result "1-0"]
[Termination "normal"]
[Board "9.4"]
[WhiteTitle "16"]
[BlackTitle "14"]
[WhiteElo "2036"]
[BlackElo "1714"]
[WhiteTeam "Hessen"]
[BlackTeam "Mecklenburg-Vorpommern"]
[WhiteFideId "1272105"]
[BlackFideId "12913456"]
[EventCountry "GER"]
[EventRounds "7"]
[EventType "team-swiss"]
[EventDate "2013.10.02"]

1. c4 c5 2. g3 g6 3. Bg2 Bg7 4. Nc3 e6 5. Nf3 Nc6 6. d3 Nge7 7. Bg5 a6 8. O-O
h6 9. Bd2 O-O 10. a3 d5 11. Qc1 Kh7 12. Rb1 dxc4 13. dxc4 a5 14. Rd1 Qb6 15.
Be3 Nd4 16. b4 axb4 17. axb4 Qc7 18. Nxd4 cxd4 19. Nb5 Qb8 20. Bxd4 Bxd4 21.
Rxd4 e5 22. Rd2 Be6 23. Nd6 Ra4 24. Nxb7 Rc8 25. Qd1 Rxc4 26. Qxa4 1-0

[Event "Deutsche Ländermeisterschaft 2013"]
[Site "Hannover GER"]
[Date "2013.10.04"]
[Round "5"]
[White "Schumann, Rabea"]
[Black "Schmalhorst, Sophia"]
[Result "0-1"]
[Termination "normal"]
[Board "9.5"]
[WhiteTitle "14w"]
[BlackTitle "18w"]
[WhiteElo "1562"]
[BlackElo "1945"]
[WhiteTeam "Mecklenburg-Vorpommern"]
[BlackTeam "Hessen"]
[WhiteFideId "12918199"]
[BlackFideId "24682497"]
[EventCountry "GER"]
[EventRounds "7"]
[EventType "team-swiss"]
[EventDate "2013.10.02"]

1. c4 e6 2. g3 d5 3. Bg2 Nf6 4. Nf3 Be7 5. O-O O-O 6. b3 c5 7. Bb2 Nc6 8. e3
dxc4 9. bxc4 Qd3 10. Qb3 Rd8 11. Qxd3 Rxd3 12. Nc3 Na5 13. Rfd1 Nxc4 14. Rab1
Rb8 15. Bf1 Nxb2 16. Rxb2 Rd8 17. d4 b6 18. dxc5 Rxd1 19. Nxd1 Bxc5 20. Nc3 Bb7
21. Bg2 Rd8 22. Ne5 Bxg2 23. Kxg2 Kf8 24. Kf3 Ke8 25. Nb5 a5 26. a4 Rd1 27. Nc3
Rd8 28. Nb5 Kf8 29. h3 Rd5 30. Nc4 Nd7 31. g4 Ne5+ 32. Nxe5 Rxe5 33. Rd2 Ke7
34. Kf4 f6 35. Rd1 Bb4 36. Rc1 Rc5 37. Ra1 Rc2 38. f3 Rc4+ 39. e4 Bd2+ 40. Kg3
e5 41. Ra2 Bf4+ 42. Kf2 Kd7 43. h4 Kc6 44. Ke2 Kc5 45. Kd3 Bg3 46. h5 Rc1 47.
Kd2 Bf4+ 48. Kd3 Kb4 49. Ra3 Rd1+ 50. Kc2 Rd2+ 51. Kb1 Re2 52. Ka1 Re3 0-1